000 00482nmm a2200169Ia 4500
008 251105s9999||||xx |||||||||||||||||und||
020 _a9788498167337
041 _aspa
100 _aBarros Arana, Diego
245 0 _aHistoria general de Chile I
264 _a[Madrid, España] :
_bLinkgua,
_c2011
300 _a534 páginas
490 _aHistoria
650 _aHistory of the Americas: Latin America
856 _uhttps://public.digitaliapublishing.com/a/16460
942 _cCF
999 _c91405
_d91405